كتاب الوافى بالوفيات

Bibliographic Details
Main Author: ابن ايبك الصفدي، صلاح الدين خليل (Author)
Format: Book
Published: Weisbaden Franz Steiner Verlag 1962
Subjects:

MARC

LEADER 00000cam a2200000 7i4500
001 0000000582
008 021118s1962
090 0 0 |a BP70  |b .I22 
100 0 |a ابن ايبك الصفدي، صلاح الدين خليل  |e author 
245 1 0 |a كتاب الوافى بالوفيات  |c صلاح الدين خليل بن ايبك الصفدي 
260 2 |a Weisbaden  |b Franz Steiner Verlag  |c 1962 
300 |a 10 v.  |c 25 cm 
650 0 |a Islam  |v Biography 
745 0 0 |a Kitab al-wafi bi-al-wafiyat 
999 |a 1000023400  |b Book  |c Reference  |e Gong Badak Campus 
999 |a 1000023401  |b Book  |c Reference  |e Gong Badak Campus 
999 |a 1000023402  |b Book  |c Reference  |e Gong Badak Campus 
999 |a 1000023403  |b Book  |c Reference  |e Gong Badak Campus 
999 |a 1000023404  |b Book  |c Reference  |e Gong Badak Campus 
999 |a 1000023405  |b Book  |c Reference  |e Gong Badak Campus 
999 |a 1000023406  |b Book  |c Reference  |e Gong Badak Campus 
999 |a 1000023407  |b Book  |c Reference  |e Gong Badak Campus 
999 |a 1000023408  |b Book  |c Reference  |e Gong Badak Campus 
999 |a 1000023409  |b Book  |c Reference  |e Gong Badak Campus